[Event "HUN-chT2 Erkel 1617"]
[Site "Hungary"]
[Date "2017.04.09"]
[Round "11.11"]
[White "Csaszar, Gyula"]
[Black "Czako, Patrik"]
[Result "1-0"]
[WhiteElo "2018"]
[BlackElo "1785"]
[PlyCount "55"]
[EventDate "2016.09.25"]
[EventType "team-tourn"]
[EventRounds "11"]
[EventCountry "HUN"]
[SourceTitle "EXT 2021"]
[Source "ChessBase"]
[SourceDate "2020.10.23"]
[SourceVersion "1"]
[SourceVersionDate "2020.10.23"]
[SourceQuality "1"]
[WhiteTeam "Budapest EAC"]
[BlackTeam "Gyongyos Matra"]
[WhiteTeamCountry "HUN"]
[BlackTeamCountry "HUN"]

1. e4 c6 2. d4 d5 3. exd5 cxd5 4. c4 Nf6 5. Nc3 Nc6 6. Be3 Bf5 7. Rc1 Rc8 8. Nf3 e6 9. c5 Be7 10. h3 a6 11. Na4 Nb8 12. Nb6 Rc6 13. Ne5 Rxb6 14. cxb6 0-0 15. Qb3 Ne4 16. g4 Bg6 17. Bg2 Bg5 18. 0-0 Bxe3 19. fxe3 Nd2 20. Qb4 Nxf1 21. Rxf1 Nd7 22. Nxd7 Qxd7 23. Rc1 Rc8 24. Rxc8+ Qxc8 25. Qc5 Qd7 26. Qc7 Qe8 27. Qxb7 Bd3 28. Qc7 1-0